Where Are They - Landmarks #14 - Statistics

General Stats
  • This quiz has been taken 34 times
  • The average score is 3 of 10
Answer Stats
Hint Answer % Correct
The Country Music Hall of Fame and Museum, Ryman Auditorium, The Johnny Cash Museum Nashville
89%
Ben Thanh Market, Reunification Convention Hall, Cu Chi Tunnel Ho Chi Minh City
54%
Bodleian Library, Radcliffe Square, Ashmolean Museum Oxford
39%
La Giralda, Real Alcázar de *, Torre del Oro Seville
29%
Old Bazaar, The Stone Bridge, Memorial House of Mother Teresa Skopje
25%
Atsuta Jingu, * Castle, The Toyota Commemorative Museum of Industry and Technology Nagoya
21%
Templo Expiatorio del Santísimo Sacramento, Minerva Roundabout, Rotonda de los Jaliscienses Ilustres Guadalajara
14%
Marcus Aurelius Arch, Al-Majidya Mosque, The Red Castle Tripoli
14%
Place de la Comédie, Aqueduc Saint-Clément, La Tour de la Babote Montpellier
11%
Büyük Han, The Hadjigeorgakis Kornesios Mansion, The Venetian Walls Nicosia
4%
No matching quizzes found
Score Distribution
Percent of People with Each Score
Percentile by Number Answered
Your Score History
You have not taken this quiz